00533nam a2200217Ia 450000500170000000800460001702000180006303700100008104000080009104000080009904000080010704100080011504100080012308400080013110000160013924500650015526000310022026000090025165000150026085600400027520260306164048.0008 260114s9999 xx 000 0 eng d a9781474484985 aEBOOK aCRL beng cCRL 2eng aeng qCRL aVardoulakis 0aSpinoza, The Epicurean: Authority And Utility In Materialism bEdinburgh University Press c2022 aPhilosophy uhttps://academic.oup.com/book/42193